<?xml version="1.0" encoding="UTF-8"?>
<record
    xmlns:xsi="http://www.w3.org/2001/XMLSchema-instance"
    xsi:schemaLocation="http://www.loc.gov/MARC21/slim http://www.loc.gov/standards/marcxml/schema/MARC21slim.xsd"
    xmlns="http://www.loc.gov/MARC21/slim">

  <leader>01022nam a22002057a 4500</leader>
  <datafield tag="999" ind1=" " ind2=" ">
    <subfield code="c">2097</subfield>
    <subfield code="d">2097</subfield>
  </datafield>
  <controlfield tag="001">9424</controlfield>
  <controlfield tag="003">BD-DhUAP</controlfield>
  <controlfield tag="005">20210128094220.0</controlfield>
  <controlfield tag="008">200219s2006    bg ||||| |||| 00| 0 ben d</controlfield>
  <datafield tag="040" ind1=" " ind2=" ">
    <subfield code="a">BD-DhUAP</subfield>
    <subfield code="b">Eng</subfield>
    <subfield code="c">BD-DhUAP</subfield>
    <subfield code="d">BD-DhUAP</subfield>
  </datafield>
  <datafield tag="082" ind1=" " ind2=" ">
    <subfield code="2">23</subfield>
    <subfield code="a">330.95492 BHA</subfield>
  </datafield>
  <datafield tag="100" ind1=" " ind2=" ">
    <subfield code="a">&#x9AD;&#x99F;&#x9CD;&#x99F;&#x9BE;&#x99A;&#x9BE;&#x9B0;&#x9CD;&#x9AF;, &#x9A6;&#x9C7;&#x9AC;&#x9AA;&#x9CD;&#x9B0;&#x9BF;&#x9AF;&#x9BC;&#x964; </subfield>
  </datafield>
  <datafield tag="245" ind1=" " ind2=" ">
    <subfield code="a">&#x9AC;&#x9BE;&#x982;&#x9B2;&#x9BE;&#x9A6;&#x9C7;&#x9B6;&#x9C7;&#x9B0; &#x9A6;&#x9BE;&#x9B0;&#x9BF;&#x9A6;&#x9CD;&#x9B0;&#x9CD;&#x9AF; &#x9A8;&#x9BF;&#x9B0;&#x9B8;&#x9A8; &#x995;&#x9CC;&#x9B6;&#x9B2;&#x9AA;&#x9A4;&#x9CD;&#x9B0; :</subfield>
    <subfield code="b">&#x9AE;&#x9C2;&#x9B2; &#x9AA;&#x9CD;&#x9B0;&#x9A4;&#x9BF;&#x9AA;&#x9BE;&#x9A6;&#x9CD;&#x9AF; &#x993; &#x9AC;&#x9BE;&#x9B8;&#x9CD;&#x9A4;&#x9AC;&#x9BE;&#x9AF;&#x9BC;&#x9A8;&#x9C7;&#x9B0; &#x99A;&#x9CD;&#x9AF;&#x9BE;&#x9B2;&#x9C7;&#x99E;&#x9CD;&#x99C; /</subfield>
    <subfield code="c">&#x9A6;&#x9C7;&#x9AC;&#x9AA;&#x9CD;&#x9B0;&#x9BF;&#x9AF;&#x9BC; &#x9AD;&#x99F;&#x9CD;&#x99F;&#x9BE;&#x99A;&#x9BE;&#x9B0;&#x9CD;&#x9AF; &#x98F;&#x9AC;&#x982; &#x9B8;&#x9BE;&#x988;&#x9A6; &#x986;&#x9B9;&#x9AE;&#x9C7;&#x9A6;&#x964;</subfield>
  </datafield>
  <datafield tag="260" ind1=" " ind2=" ">
    <subfield code="a">&#x9A2;&#x9BE;&#x995;&#x9BE; :</subfield>
    <subfield code="b">&#x9B8;&#x9C7;&#x9A8;&#x9CD;&#x99F;&#x9BE;&#x9B0; &#x9AB;&#x9B0; &#x9AA;&#x9B2;&#x9BF;&#x9B8;&#x9BF; &#x9A1;&#x9BE;&#x9AF;&#x9BC;&#x9BE;&#x9B2;&#x997;,</subfield>
    <subfield code="c">c&#x9E8;&#x9E6;&#x9E6;&#x9EC;&#x964;</subfield>
  </datafield>
  <datafield tag="300" ind1=" " ind2=" ">
    <subfield code="a">&#x9E7;&#x9E7;&#x9E8; &#x9AA;&#x9C3;&#x9B7;&#x9CD;&#x9A0;&#x9BE; ;</subfield>
    <subfield code="c">&#x9E8;&#x9E7; &#x9B8;&#x9C7;&#x9AE;&#x9BF;.&#x964;</subfield>
  </datafield>
  <datafield tag="650" ind1=" " ind2=" ">
    <subfield code="a">Poverty</subfield>
    <subfield code="z">Bangladesh. </subfield>
  </datafield>
  <datafield tag="650" ind1=" " ind2=" ">
    <subfield code="2">Economic conditions.</subfield>
    <subfield code="z">Bangladesh </subfield>
  </datafield>
  <datafield tag="700" ind1=" " ind2=" ">
    <subfield code="a">&#x986;&#x9B9;&#x9AE;&#x9C7;&#x9A6;, &#x9B8;&#x9BE;&#x988;&#x9A6;&#x964; </subfield>
  </datafield>
  <datafield tag="942" ind1=" " ind2=" ">
    <subfield code="2">ddc</subfield>
    <subfield code="c">BK</subfield>
  </datafield>
  <datafield tag="952" ind1=" " ind2=" ">
    <subfield code="0">0</subfield>
    <subfield code="1">0</subfield>
    <subfield code="2">ddc</subfield>
    <subfield code="4">0</subfield>
    <subfield code="7">0</subfield>
    <subfield code="a">UAPCL</subfield>
    <subfield code="b">UAPCL</subfield>
    <subfield code="c">General Stacks</subfield>
    <subfield code="d">2020-02-19</subfield>
    <subfield code="o">330.95492 BHA</subfield>
    <subfield code="p">3010009424</subfield>
    <subfield code="r">2020-02-19</subfield>
    <subfield code="t">1</subfield>
    <subfield code="w">2020-02-19</subfield>
    <subfield code="y">BK</subfield>
  </datafield>
</record>
